The Legend of Zelda Franchise - Statistics

General Stats
  • This quiz has been taken 46 times
  • The average score is 23 of 53
Answer Stats
Type Year Name Info % Correct
Video Game 1986 The Legend of Zelda Nintendo
100%
Video Game 1989 The Legend of Zelda Nelsonic Industries
100%
TV Show 1989 The Legend of Zelda Syndication
100%
Video Game 1998 The Legend of Zelda: Ocarina of Time Nintendo
93%
Video Game 1991 The Legend of Zelda: A Link to the Past Nintendo
86%
Video Game 2002 The Legend of Zelda: A Link to the Past Nintendo
86%
Video Game 2000 The Legend of Zelda: Majora's Mask Nintendo
86%
Video Game 2006 The Legend of Zelda: Twilight Princess Nintendo
82%
Video Game 2017 The Legend of Zelda: Breath of the Wild Nintendo
75%
Video Game TBA The Legend of Zelda: Breath of the Wild Sequel Nintendo
75%
Video Game 1987 Zelda II: The Adventure of Link Nintendo
75%
Video Game 1993 The Legend of Zelda: Link's Awakening Nintendo
71%
Video Game 2019 The Legend of Zelda: Link's Awakening Nintendo
71%
Video Game 2001 The Legend of Zelda: Oracle of Seasons Nintendo
71%
Video Game 1989 Zelda Nintendo
71%
Video Game 2001 The Legend of Zelda: Oracle of Ages Nintendo
68%
Video Game 2013 The Legend of Zelda: A Link Between Worlds Nintendo
64%
Video Game 2002 The Legend of Zelda: Four Swords Nintendo
64%
Video Game 2004 The Legend of Zelda: The Minish Cap Nintendo
61%
Video Game 2007 The Legend of Zelda: Phantom Hourglass Nintendo
57%
Video Game 2009 The Legend of Zelda: Spirit Tracks Nintendo
57%
Video Game 2014 Hyrule Warriors Koei Temco / Nintendo
54%
Video Game 2015 The Legend of Zelda: Tri Force Heroes Nintendo
50%
Video Game 2007 Link's Crossbow Training Nintendo
46%
Video Game 2004 The Legend of Zelda: Four Swords Adventures Nintendo
36%
Video Game 2013 The Legend of Zelda: The Wind Waker HD Nintendo
36%
Video Game 1994 Zelda's Adventure Philips Interactive Media
36%
Video Game 1993 Zelda: The Wand of Gamelon Philips Interactive Media
36%
Video Game 1993 Link: The Faces of Evil Philips Interactive Media
32%
Video Game 1998 The Legend of Zelda: Link's Awakening DX Nintendo
29%
Video Game 2011 The Legend of Zelda: Ocarina of Time 3D Nintendo
29%
Video Game 2015 The Legend of Zelda: Majora's Mask 3D Nintendo
25%
Video Game 2016 The Legend of Zelda: Twilight Princess HD Nintendo
25%
Video Game 2019 Cadence of Hyrule: Crypt of the NecroDancer Featuring The Legend of Zelda Nintendo
21%
Video Game 2006 Freshly-Picked Tingle's Rosy Rupeeland Nintendo
21%
Board Game 2014 Monopoly: The Legend of Zelda USAopoly
21%
Video Game 2003 The Legend of Zelda: Collector's Edition Nintendo
21%
Card Game 2018 UNO: The Legend of Zelda Mattel
21%
Video Game 2002 The Legend of Zelda: Ocarina of Time Master Quest Nintendo
18%
Video Game 2016 My Nintendo Picross: The Legend of Zelda: Twilight Princess Nintendo
14%
Book 2018 The Legend of Zelda: Encyclopedia Nintendo
14%
Video Game 2011 The Legend of Zelda: Four Swords Anniversary Edition Nintendo
14%
Video Game 2007 Tingle's Balloon Fight DS Nintendo
14%
Video Game 1995 BS Zelda no Densetsu St.GIGA
11%
Book 2016 The Legend of Zelda: Art & Artifacts Shogakukan
11%
Book 2017 The Legend of Zelda: Breath of the Wild-Creating a Champion Akira Himekawa / Nintendo / Prima Games
11%
Video Game 1997 BS Zelda no Densetsu: Inishie no Sekiban St.GIGA
7%
Video Game Pack 2009 Dekisugi Tingle Pack Nintendo
7%
Video Game 2009 Irodzuki Tingl no Koi no Balloon Trip Nintendo
7%
Book 2013 The Legend of Zelda: Hyrule Hysteria Nintendo
7%
Video Game 2011 The Legend of Zelda: Skywand Sword Nintendo
7%
Video Game 2002 The Legend of Zelda: The Wind Taker Nintendo
7%
Video Game 1992 Zelda no Densetsu: Kamigami no Triforce Epoch Co.
7%
No matching quizzes found
Score Distribution
Percent of People with Each Score
Percentile by Number Answered
Your Score History
You have not taken this quiz